Central Library OPAC University of Rajshahi

The world and the West / (Record no. 22070)

MARC details
000 -LEADER
fixed length control field 00780cam a22002651 4500
001 - CONTROL NUMBER
control field 22070
003 - CONTROL NUMBER IDENTIFIER
rucl marc code BD-RjUL
005 - DATE AND TIME OF LATEST TRANSACTION
control field 20211209000749.0
008 - FIXED-LENGTH DATA ELEMENTS--GENERAL INFORMATION
fixed length control field 140306r19541953xx 000 0 eng
035 ## - SYSTEM CONTROL NUMBER
System control number (BD-RjUL)22135
System control number (OCoLC)877340
040 ## - CATALOGING SOURCE
Original cataloging agency DLC
Transcribing agency MSohG
Modifying agency OCoLC
-- DLC
-- BD-RjUL
Language of cataloging eng
041 ## - LANGUAGE CODE
Language code of text/sound track or separate title eng
082 ## - DEWEY DECIMAL CLASSIFICATION NUMBER
Classification number 909.04
Author mark and year TOW
100 1# - MAIN ENTRY--PERSONAL NAME
Personal name Toynbee, Arnold,
Dates associated with a name 1889-1975.
9 (RLIN) 65670
245 14 - TITLE STATEMENT
Title The world and the West /
Statement of responsibility, etc. Arnold Toynbee
260 ## - PUBLICATION, DISTRIBUTION, ETC. (IMPRINT)
Place of publication, distribution, etc. London ;
-- New York :
Name of publisher, distributor, etc. Oxford University Press,
Date of publication, distribution, etc. 1953[impression 1954]
300 ## - PHYSICAL DESCRIPTION
Pagination 99 p. ;
Size 19 cm.
490 0# - SERIES STATEMENT
Series statement The B.B.C. Reith lectures 1952
650 #0 - SUBJECT ADDED ENTRY--TOPICAL TERM
Topical term or geographic name as entry element Civilization
General subdivision History.
9 (RLIN) 68160
Topical term or geographic name as entry element East and West.
9 (RLIN) 42650
942 ## - ADDED ENTRY ELEMENTS (KOHA)
Source of classification or shelving scheme Dewey Decimal Classification
Koha item type Books
Holdings
Lost status Source of classification or shelving scheme Damaged status Not for loan Collection code Permanent Location Current Location Shelving location Date acquired Source of acquisition Cost, normal purchase price Total Checkouts Full call number Date last seen Copy number Koha item type
  Dewey Decimal Classification   Added to bundle Non-fiction Central Library, University of Rajshahi Central Library, University of Rajshahi Reading Room 22/09/1955 B. H Blake Well 75.60   909.04 TOW 1954 06/03/2014 C-1 Books
  Dewey Decimal Classification     Non-fiction Central Library, University of Rajshahi Central Library, University of Rajshahi   12/09/1955 B. H. Black Well 7.60   909.04 TOW 1954 12/03/2014 C-3 Books